000 00297nam a22001337a 4500
008 170221b xxu||||| |||| 00| 0 eng d
020 _a9780323045544
041 _aeng
080 _225TH
_a615
100 _a5
101 _aSHF
245 _aINTRAVENOUS MEDICATIONS
_cGAHART, B.L
942 _2udc
_cBK
999 _c5926
_d5926